Vzniklo centrum pomoci USA pre samosprávu miest a obcí Slovenska

Americká agentúra pre medzinárodný rozvoj USAID bude pomáhať obciam a mestám SR pri riešení problémov týkajúcich sa samosprávy. Prioritné problémy: životné prostredie, mestský manažment a školenia pracovníkov samospráv.

Guardado en:
Detalles Bibliográficos
Autor principal: Velecký, M.
Formato: Capítulo de libro
Lenguaje:eslovaco
Materias:
Etiquetas: Agregar Etiqueta
Sin Etiquetas, Sea el primero en etiquetar este registro!

MARC

LEADER 00000naa a2200000 4500
001 r020146
005 20230921074315.3
041 0 |a slo 
044 |a SK 
245 1 0 |a Vzniklo centrum pomoci USA pre samosprávu miest a obcí Slovenska  |c M. Velecký 
520 |a Americká agentúra pre medzinárodný rozvoj USAID bude pomáhať obciam a mestám SR pri riešení problémov týkajúcich sa samosprávy. Prioritné problémy: životné prostredie, mestský manažment a školenia pracovníkov samospráv. 
610 2 0 |a Slovensko 
610 2 0 |a USA 
610 2 0 |a USAID 
610 2 0 |a pomoc zahraničná 
610 2 0 |a pomoc rozvojová 
610 2 0 |a správa miestna 
610 2 0 |a Centrum pomoci pre miestne samosprávy Bratislava 
100 1 |a Velecký, M.